UM Logo

Holy Bible. (Record no. 23368)

MARC details
000 -LEADER
fixed length control field 00419nam a22001457a 4500
005 - DATE AND TIME OF LATEST TRANSACTION
control field 20250321133611.0
008 - FIXED-LENGTH DATA ELEMENTS--GENERAL INFORMATION
fixed length control field 250130b |||||||| |||| 00| 0 eng d
082 ## - DEWEY DECIMAL CLASSIFICATION NUMBER
Classification number DC 220 H747 1988
245 ## - TITLE STATEMENT
Title Holy Bible.
260 ## - PUBLICATION, DISTRIBUTION, ETC. (IMPRINT)
Place of publication, distribution, etc. Wichita, Kansas :
Name of publisher, distributor, etc. DeVore & Sons, Inc.,
Date of publication, distribution, etc. ©1988.
300 ## - PHYSICAL DESCRIPTION
Extent 1280 pages :
Other physical details illustrations (some colored) ;
Dimensions 29 cm.
500 ## - GENERAL NOTE
General note Includes index.
650 #0 - SUBJECT ADDED ENTRY--TOPICAL TERM
Topical term or geographic name as entry element Bible.
9 (RLIN) 65871
942 ## - ADDED ENTRY ELEMENTS (KOHA)
Source of classification or shelving scheme Dewey Decimal Classification
Koha item type Circulation
Holdings
Withdrawn status Lost status Source of classification or shelving scheme Damaged status Not for loan Collection code Home library Current library Date acquired Source of acquisition Total Checkouts Full call number Barcode Date last seen Price effective from Koha item type
    Dewey Decimal Classification     Circulation UM Digos College - LIC UM Digos College - LIC 01/30/2025 Purchased   DC 220 H747 1988 13565 05/15/2025 01/30/2025 Circulation